| 000 | 00930nam a2200253 u 4500 | ||
|---|---|---|---|
| 005 | 20250806063855.0 | ||
| 008 | 180531s2009 r 000 0 eng d | ||
| 020 | _a9788476662069 | ||
| 035 | _aUPN01000225124 | ||
| 049 | _aCG | ||
| 050 | 4 |
_aLB3063 _bG8.2 |
|
| 100 | 1 |
_aGutiérrez Duque, Marybell _942250 |
|
| 245 | 1 | 0 |
_aAceleración del aprendizaje de la poblacion vulnerable con extraedad : _bBogotá (Colombia) / _cMarybell Gutiérrez, Gloria Puentes. |
| 260 |
_aMadrid : _bFundación Iberoamericana para la Educación, la Ciencia y la Cultura, _c2009. |
||
| 300 |
_a167 p. : _bcuadros |
||
| 440 | 0 |
_aEducar en ciudades. _pEstudios de políticas inclusivas |
|
| 500 | _a"Programas de aceleración " | ||
| 650 | 4 |
_aFRACASO ESCOLAR - _zCOLOMBIA _927097 |
|
| 650 | 4 |
_aProgramas educativos _95703 |
|
| 650 | 4 |
_aEducación compensatoria _97367 |
|
| 700 | 1 |
_aPuentes, Gloria, _ecoaut. |
|
| 905 | _aLibro | ||
| 999 |
_c197220 _d197220 |
||